000 00604nam a2200241Ia 4500
001 2413
005 20240113233540.0
007 ta
008 050225s1873 g b000 u eng u
040 _aRef. stack
041 _aeng
082 _a294.123
_bB 933 Sa
100 _aBurnell, A. C .
245 0 _aSamavidhanabrahmana of the sama veda /
_cA. C. Burnell.
_hTextual Documents
250 _a1st ed /
260 _aLondon :
_bTrubner & Co ,
_c1873.
300 _a104p. ;
_c23cm.
653 _aReligion - samaveda
653 _aRare
942 _2ddc
_cBK
999 _c2406
_d2406